000
00324nam a2200133Ia 4500
100
_a
Rangan/C.S/ Sharma/G.R
942
_c
BK
654
_a
instrumentation
245
_a
Instrumentation devices and system
260
_b
Tata Mc Graw hill
_a
New Delhi
_c
1987
082
_a
621.381043
_b
RAN
300
_a
529
546
_a
ENGLISH
999
_c
27127
_d
27127